000 00940nam a2200229Ia 4500
999 _c56352
_d56352
001 23465
003 GE_BSU
005 20260127163819.0
008 181216s1997||||ge |||||||||||||| ||geo||
040 _cGE_BSU
041 _ageo
080 _a94(479.22) ს-96
100 _aსანიკიძე, ლ.
_9476
245 _aსაქართველოს ისტორია :
_bთვალის ერთი გადავლებით /
_cლ. სანიკიძე ; რედ. ჯ. ხოფერია.
250 _aმე-2 გამოცემა
264 _aბათუმი :
_bაჭარა,
_c1997.
300 _a133 გვ. ;
_c20 სმ.
541 _h4ლ. 50თ.
653 _aსაქართველოს ისტორია : თვალის ერთი გადავლებით
700 _aხოფერია, ჯ.
_eრედაქტორი
_918934
942 _cBK
_2udc